| 000 | 00910nam a22002177a 4500 | ||
|---|---|---|---|
| 999 |
_c13386 _d13386 |
||
| 008 | 190309b ||||| |||| 00| 0 eng d | ||
| 020 | _a9780300183504 | ||
| 082 |
_22012 _aAV-Eb 321.609 _bO117 |
||
| 100 |
_aOakley, Francis. _937412 |
||
| 245 |
_aThe mortgage of the past : _breshaping the ancient political inheritance (1050-1300) / _cFrancis Oakley. |
||
| 260 |
_bYale University Press, _c©2012. |
||
| 300 | _a344 pages; | ||
| 440 |
_aEmergence of Western Political Thought in the Latin Middle Ages _937413 |
||
| 500 | _aIncludes index. | ||
| 650 |
_aChurch and state -- Europe -- History -- To 1500. _937414 |
||
| 650 |
_aKings and rulers -- History -- To 1500. _937415 |
||
| 650 |
_aPolitical science -- Europe -- History -- To 1500. _937416 |
||
| 700 |
_aOakley, Francis. _937412 |
||
| 856 | _yhttps://ebookcentral.proquest.com/lib/uniofmindanao-ebooks/detail.action?docID=3420852 | ||
| 942 |
_2ddc _cEB |
||